[Event "7. Oeffinger Open 2016"]
[Site "Oeffingen"]
[Date "2016.05.13"]
[Round "1.1"]
[White "Horvath, Peter"]
[Black "Strauss, Martin"]
[Result "1-0"]
[WhiteElo "2433"]
[BlackElo "1759"]
[PlyCount "61"]
[EventDate "2016.??.??"]

1. d4 Nf6 2. c4 g6 3. Nc3 d5 4. cxd5 Nxd5 5. Bd2 Bg7 6. e4 Nxc3 7. Bxc3 O-O 8.
Be2 c5 9. d5 Qd6 10. Nf3 Bxc3+ 11. bxc3 e5 12. Nd2 Nd7 13. O-O b6 14. Bb5 f5
15. Nc4 Qb8 16. exf5 Rxf5 17. Bc6 Ba6 18. Qa4 Bxc4 19. Qxc4 Qd8 20. d6+ Kg7 21.
Qe6 Nf8 22. Qe7+ Rf7 23. Qxe5+ Rf6 24. Bxa8 Qxa8 25. Rad1 Qc6 26. Rfe1 Nd7 27.
Qd5 Qxd5 28. Rxd5 c4 29. Re7+ Rf7 30. Rd4 b5 31. Rf4 1-0

[Event "7. Oeffinger Open 2016"]
[Site "Oeffingen"]
[Date "2016.05.13"]
[Round "1.2"]
[White "Kropp, Timo"]
[Black "Holzhäuer, Mathias"]
[Result "0-1"]
[WhiteElo "1755"]
[BlackElo "2284"]
[PlyCount "46"]
[EventDate "2016.??.??"]

1. e4 d5 2. exd5 Nf6 3. d4 Bg4 4. f3 Bf5 5. c4 e6 6. g4 Bg6 7. dxe6 Nc6 8. Be3
Nb4 9. Qa4+ c6 10. Na3 fxe6 11. Nh3 Bd6 12. Nf4 Bxf4 13. Bxf4 Qxd4 14. Qxb4
Qxf4 15. Be2 O-O-O 16. Qc3 h5 17. Qc1 Qe5 18. g5 Nh7 19. h4 Bd3 20. Qd2 Qg3+
21. Kf1 Qxf3+ 22. Kg1 Qg3+ 23. Kf1 Rhf8+ 0-1

[Event "7. Oeffinger Open 2016"]
[Site "Oeffingen"]
[Date "2016.05.13"]
[Round "1.3"]
[White "Neyman, Igor"]
[Black "Wübbens, Carsten"]
[Result "1-0"]
[WhiteElo "2262"]
[BlackElo "1750"]
[PlyCount "119"]
[EventDate "2016.??.??"]

1. d4 Nf6 2. c4 e6 3. Nc3 d5 4. Bg5 Be7 5. Nf3 Nbd7 6. e3 h6 7. Bh4 b6 8. cxd5
Nxd5 9. Bg3 Bb7 10. Bd3 O-O 11. O-O N7f6 12. Rc1 Rc8 13. Qe2 Nxc3 14. bxc3 Ne4
15. Be5 Bd6 16. Ba6 Bxa6 17. Qxa6 Ra8 18. Qb7 Nf6 19. c4 c5 20. Rfd1 Ng4 21.
dxc5 Nxe5 22. Nxe5 Qc7 23. Qxc7 Bxc7 24. Nd3 bxc5 25. Nxc5 Bb6 26. Nb3 Rac8 27.
c5 Bd8 28. Rd7 a5 29. Ra7 Rc6 30. Kf1 Re8 31. Ke2 Kf8 32. a4 g6 33. Kd3 Re7 34.
Ra8 Rd7+ 35. Kc4 Ke7 36. Nd4 Rcc7 37. Rxa5 e5 38. Nb3 Rc6 39. Rb5 Ke6 40. Rc2
Be7 41. Rb6 Rdc7 42. Rxc6+ Rxc6 43. Rd2 h5 44. a5 f5 45. Ra2 Ra6 46. Kb5 Ra8
47. a6 Kd7 48. a7 Kc7 49. Ra6 g5 50. Na5 e4 51. Nc4 f4 52. Nb6 Rd8 53. a8=Q
Rxa8 54. Rxa8 fxe3 55. fxe3 Kb7 56. Re8 Bxc5 57. Kxc5 g4 58. Re7+ Kb8 59. Kc6
h4 60. Rb7# 1-0

[Event "7. Oeffinger Open 2016"]
[Site "Oeffingen"]
[Date "2016.05.13"]
[Round "1.4"]
[White "Gerst, Waldemar"]
[Black "Lelumees, Brait"]
[Result "0-1"]
[WhiteElo "1742"]
[BlackElo "2153"]
[PlyCount "80"]
[EventDate "2016.??.??"]

1. e4 c5 2. Nc3 d6 3. Nf3 Nf6 4. Bc4 Nc6 5. d3 a6 6. a4 Bg4 7. h3 Bxf3 8. Qxf3
Ne5 9. Qe2 Nxc4 10. dxc4 e6 11. O-O Be7 12. b3 O-O 13. e5 dxe5 14. Qxe5 Nd7 15.
Qe2 Bf6 16. Bd2 Qc7 17. Rad1 Rad8 18. Ne4 Be5 19. Kh1 Qc6 20. f4 Nf6 21. Nxf6+
Bxf6 22. Qg4 Rd7 23. Be3 Rfd8 24. Rxd7 Rxd7 25. Qh5 b6 26. f5 g6 27. fxg6 hxg6
28. Qg4 Bg7 29. h4 b5 30. h5 gxh5 31. Qxh5 bxc4 32. Qxc5 Qxc5 33. Bxc5 Rd5 34.
Be7 Rh5+ 35. Kg1 Bd4+ 36. Rf2 Rf5 37. Bh4 cxb3 38. cxb3 Rf4 39. Bg3 Bxf2+ 40.
Bxf2 Rb4 0-1

[Event "7. Oeffinger Open 2016"]
[Site "Oeffingen"]
[Date "2016.05.13"]
[Round "1.5"]
[White "Siopidis, Alexander"]
[Black "Heining, Thomas"]
[Result "0-1"]
[WhiteElo "1740"]
[BlackElo "2129"]
[PlyCount "46"]
[EventDate "2016.??.??"]

1. e4 c5 2. Nf3 e6 3. c3 Nf6 4. e5 Nd5 5. d4 cxd4 6. cxd4 d6 7. Nc3 Nxc3 8.
bxc3 Nd7 9. exd6 Bxd6 10. Bd3 O-O 11. Bxh7+ Kxh7 12. Ng5+ Kg8 13. Ne4 Be7 14.
h4 Nf6 15. Nxf6+ Bxf6 16. g4 Qd5 17. Rh2 e5 18. g5 Bd8 19. h5 exd4 20. Qxd4
Qxd4 21. cxd4 Ba5+ 22. Bd2 Re8+ 23. Kd1 Bg4+ 0-1

[Event "7. Oeffinger Open 2016"]
[Site "Oeffingen"]
[Date "2016.05.13"]
[Round "1.6"]
[White "Hottes, Dieter"]
[Black "Naundorf, Jo"]
[Result "1-0"]
[WhiteElo "2111"]
[BlackElo "1732"]
[PlyCount "49"]
[EventDate "2016.??.??"]

1. c4 c5 2. Nc3 d6 3. g3 g6 4. Bg2 Bg7 5. b3 Nc6 6. Bb2 Bf5 7. d3 Qa5 8. Qd2
Nb4 9. Nf3 d5 10. O-O d4 11. Nd5 e5 12. a3 Bh6 13. Qe1 Nc6 14. Qxa5 Nxa5 15.
Nc7+ Kd8 16. Nxa8 Nxb3 17. Nxe5 Nxa1 18. Nxf7+ Kc8 19. Nxh8 Nb3 20. Nf7 Bf8 21.
Bc1 Kb8 22. Bf4+ Kxa8 23. Rb1 Na5 24. Bc7 Nc6 25. Bxc6 1-0

[Event "7. Oeffinger Open 2016"]
[Site "Oeffingen"]
[Date "2016.05.13"]
[Round "1.7"]
[White "Schreiber, Stephan"]
[Black "Fülöp, Csaba"]
[Result "1/2-1/2"]
[WhiteElo "1730"]
[BlackElo "2103"]
[PlyCount "48"]
[EventDate "2016.??.??"]

1. d4 d5 2. Bf4 c6 3. c3 Bf5 4. e3 e6 5. Nf3 Bd6 6. Bxd6 Qxd6 7. Nbd2 Nd7 8.
Be2 Bg6 9. Nh4 f5 10. Nxg6 hxg6 11. g3 Ngf6 12. Qc2 O-O-O 13. O-O-O Rh6 14. f3
Rdh8 15. Nf1 Kb8 16. c4 dxc4 17. Bxc4 Nb6 18. Bb3 e5 19. dxe5 Qxe5 20. Qd3 g5
21. Qd6+ Qxd6 22. Rxd6 Nfd5 23. Rxh6 gxh6 24. e4 fxe4 1/2-1/2

[Event "7. Oeffinger Open 2016"]
[Site "Oeffingen"]
[Date "2016.05.13"]
[Round "1.8"]
[White "Aksenov, Pavel"]
[Black "Dirmeier, Alexander Dr"]
[Result "1-0"]
[WhiteElo "2088"]
[BlackElo "1726"]
[PlyCount "77"]
[EventDate "2016.??.??"]

1. d4 Nf6 2. Nf3 e6 3. Bg5 c5 4. e3 Qb6 5. Qc1 Ne4 6. Bf4 Nc6 7. c3 d5 8. Bd3
Be7 9. O-O O-O 10. Bxe4 dxe4 11. Nfd2 f5 12. Nc4 Qd8 13. Ne5 Nxe5 14. Bxe5 cxd4
15. cxd4 Bd7 16. Nc3 Rc8 17. Qd1 Bc6 18. Rc1 Qa5 19. Qb3 Bd5 20. Nxd5 Qxd5 21.
Qa4 a6 22. h3 g5 23. Qd1 Rxc1 24. Qxc1 Qd7 25. Qd1 Rc8 26. Qh5 Bd8 27. Rd1 Qf7
28. Qh6 Rc6 29. b4 Be7 30. a4 b5 31. axb5 axb5 32. d5 Rc4 33. dxe6 Qg6 34.
Qxg6+ hxg6 35. Rd7 Kf8 36. Rb7 Rc1+ 37. Kh2 Bxb4 38. Rxb5 Rc5 39. Bd6+ 1-0

[Event "7. Oeffinger Open 2016"]
[Site "Oeffingen"]
[Date "2016.05.14"]
[Round "2.1"]
[White "Tjahja, Deryl"]
[Black "Horvath, Peter"]
[Result "0-1"]
[WhiteElo "1915"]
[BlackElo "2433"]
[PlyCount "83"]
[EventDate "2016.??.??"]

1. e4 c5 2. c4 Nc6 3. Nc3 g6 4. g3 Bg7 5. Bg2 d6 6. Nge2 e6 7. d3 Nge7 8. Be3
Nd4 9. Qd2 a6 10. O-O O-O 11. Rab1 Nec6 12. Bxd4 cxd4 13. Nd1 Bd7 14. f3 b5 15.
b3 Rb8 16. Nf2 Qb6 17. Qc1 Rfc8 18. Nf4 Ne5 19. Rd1 Bc6 20. h4 Ba8 21. Qd2 Qd8
22. N2h3 d5 23. cxb5 dxe4 24. fxe4 axb5 25. Nf2 b4 26. Rbc1 Qa5 27. Ne2 Qb6 28.
Rxc8+ Rxc8 29. Rc1 Rc3 30. Nxc3 dxc3 31. Qd1 Bh6 32. Rc2 Be3 33. Kf1 h5 34. Bh3
Qd4 35. g4 Bxf2 36. Rxf2 Nxd3 37. Rc2 Bxe4 38. gxh5 Qf6+ 39. Kg1 Nf4 40. Rh2 c2
41. Qc1 Qd4+ 42. Kf1 0-1

[Event "7. Oeffinger Open 2016"]
[Site "Oeffingen"]
[Date "2016.05.14"]
[Round "2.2"]
[White "Holzhäuer, Mathias"]
[Black "Schulz, Stefan"]
[Result "1-0"]
[WhiteElo "2284"]
[BlackElo "1885"]
[PlyCount "47"]
[EventDate "2016.??.??"]

1. e4 c5 2. Nc3 Nc6 3. Bb5 Nd4 4. Bc4 e6 5. Nge2 Nf6 6. O-O a6 7. d3 b5 8. Bb3
Nxb3 9. axb3 Bb7 10. f4 Qc7 11. f5 Bd6 12. Bf4 exf5 13. Bxd6 Qxd6 14. Rxf5 Ng4
15. Rh5 O-O-O 16. Qd2 f5 17. Qf4 Qxf4 18. Nxf4 Ne3 19. Rc1 b4 20. Na4 d6 21.
Rh3 Ng4 22. Ne6 fxe4 23. Nxd8 Kxd8 24. Rg3 1-0

[Event "7. Oeffinger Open 2016"]
[Site "Oeffingen"]
[Date "2016.05.14"]
[Round "2.3"]
[White "Lelumees, Brait"]
[Black "Merk, Daniel"]
[Result "1-0"]
[WhiteElo "2153"]
[BlackElo "1884"]
[PlyCount "57"]
[EventDate "2016.??.??"]

1. e4 e6 2. d4 d5 3. e5 c5 4. c3 Qb6 5. Nf3 Nc6 6. Be2 Nh6 7. Bxh6 Qxb2 8. Be3
Qxa1 9. Qc2 cxd4 10. Nxd4 Ba3 11. Nb5 Qb2 12. N1xa3 Qxc2 13. Nxc2 O-O 14. Bc5
Nxe5 15. Bxf8 Kxf8 16. Kd2 Bd7 17. Ne3 a6 18. Nd4 Rc8 19. f4 Nc6 20. h4 Ke7 21.
h5 h6 22. g4 f6 23. Rg1 Rf8 24. f5 Kd6 25. fxe6 Bxe6 26. Nef5+ Bxf5 27. Nxf5+
Ke5 28. Nxg7 d4 29. Nf5 1-0

[Event "7. Oeffinger Open 2016"]
[Site "Oeffingen"]
[Date "2016.05.14"]
[Round "2.4"]
[White "Heining, Thomas"]
[Black "Gheng, Dominik"]
[Result "1-0"]
[WhiteElo "2129"]
[BlackElo "1840"]
[PlyCount "104"]
[EventDate "2016.??.??"]

1. e4 e5 2. Nf3 Nc6 3. Bc4 Bc5 4. c3 Nf6 5. d3 d6 6. O-O a6 7. Bb3 O-O 8. Bg5
h6 9. Bh4 g5 10. Bg3 Bg4 11. Nbd2 Nh5 12. Nc4 Qf6 13. Ne3 Bxf3 14. gxf3 Ne7 15.
Nc2 Nf4 16. d4 Ba7 17. Bxf4 gxf4 18. Kh1 Kh7 19. Qd3 Rg8 20. Rg1 b5 21. Nb4 Qh4
22. Bxf7 Rxg1+ 23. Rxg1 Qxf2 24. Nd5 Rf8 25. Be6 Nc6 26. h3 Nd8 27. Bf5+ Kh8
28. Ne7 Re8 29. Ng6+ Kg7 30. Nxe5+ Qxg1+ 31. Kxg1 dxe5 32. Kf1 exd4 33. cxd4
Nf7 34. a4 c6 35. Qc3 Kf8 36. Qxc6 Bxd4 37. axb5 axb5 38. Qxb5 Be5 39. Bg6 Nd6
40. Qd5 Re7 41. b4 Kg7 42. Bh5 Kf6 43. Qg8 Rg7 44. Qd8+ Ke6 45. Bg4+ Kf7 46. b5
Kg6 47. Ke2 h5 48. Bf5+ Nxf5 49. exf5+ Kxf5 50. b6 Rg2+ 51. Kd3 Rb2 52. Qc8+
Kf6 1-0

[Event "7. Oeffinger Open 2016"]
[Site "Oeffingen"]
[Date "2016.05.14"]
[Round "2.5"]
[White "Zehring, Mathias"]
[Black "Hottes, Dieter"]
[Result "0-1"]
[WhiteElo "1886"]
[BlackElo "2111"]
[PlyCount "96"]
[EventDate "2016.??.??"]

1. e4 b6 2. d4 Bb7 3. Nc3 e6 4. a3 Nf6 5. Bd3 c5 6. Nge2 d6 7. O-O Nbd7 8. f3
Be7 9. Be3 O-O 10. Bc4 Rc8 11. Ba2 Ba6 12. d5 e5 13. a4 Ne8 14. Nb5 Ra8 15. c4
Bg5 16. Qd2 Bxe3+ 17. Qxe3 Bc8 18. Ng3 Ndf6 19. Bb1 a6 20. Nc3 h6 21. Nf5 Ra7
22. g4 Nh7 23. Rf2 Ng5 24. Rg2 Nh3+ 25. Kh1 Nf4 26. Rg3 Kh7 27. Qf2 g6 28. Ne3
Ng7 29. Ng2 h5 30. Nxf4 exf4 31. Rg2 Qf6 32. g5 Qe5 33. Ra2 f6 34. h4 Re7 35.
Ne2 f5 36. Nc1 fxe4 37. fxe4 f3 38. Rg1 Bh3 39. Re1 Bg2+ 40. Kg1 Qf4 41. b3 Qg4
42. Ne2 Qh3 43. Ng3 Re5 44. Bd3 Rf4 45. Bf1 Rg4 46. Bxg2 Rxg3 47. Qxf3 Rxf3 48.
Bxh3 Rxh3 0-1

[Event "7. Oeffinger Open 2016"]
[Site "Oeffingen"]
[Date "2016.05.14"]
[Round "2.6"]
[White "Alber, Wilhelm"]
[Black "Aksenov, Pavel"]
[Result "1/2-1/2"]
[WhiteElo "1884"]
[BlackElo "2088"]
[PlyCount "63"]
[EventDate "2016.??.??"]

1. Nf3 g6 2. d4 Bg7 3. c4 d6 4. Nc3 Bg4 5. e4 Bxf3 6. gxf3 Nd7 7. f4 e5 8. fxe5
dxe5 9. d5 Ngf6 10. Be3 b6 11. Bh3 O-O 12. b4 Qe7 13. a3 a5 14. Rb1 axb4 15.
axb4 Rfd8 16. Qc2 Ne8 17. Bxd7 Qxd7 18. c5 bxc5 19. bxc5 Rdb8 20. Kd2 f5 21. c6
Qf7 22. f3 Nd6 23. Rxb8+ Rxb8 24. Rb1 Nc4+ 25. Kd3 Rxb1 26. Qxb1 Nxe3 27. Kxe3
fxe4 28. fxe4 Bf8 29. Qa2 Bc5+ 30. Kd3 Qf3+ 31. Kc2 Kg7 32. Qc4 1/2-1/2

[Event "7. Oeffinger Open 2016"]
[Site "Oeffingen"]
[Date "2016.05.14"]
[Round "2.7"]
[White "Gabriel, Josef"]
[Black "Bender, Jonas"]
[Result "1-0"]
[WhiteElo "2073"]
[BlackElo "1814"]
[PlyCount "55"]
[EventDate "2016.??.??"]

1. e4 c5 2. Nf3 g6 3. d4 cxd4 4. Nxd4 Bg7 5. c4 Nc6 6. Be3 Nf6 7. Nc3 Ng4 8.
Qxg4 Nxd4 9. Qd1 Ne6 10. Qd2 Qa5 11. Rc1 O-O 12. b3 f5 13. exf5 gxf5 14. f4 Nc5
15. Nd5 Qxd2+ 16. Kxd2 Ne4+ 17. Kc2 b6 18. Nxe7+ Kh8 19. Nxc8 Raxc8 20. Rd1 Rf7
21. a4 Re7 22. Bd3 d5 23. Rhe1 dxc4 24. Bxc4 Rec7 25. Rd3 a6 26. Bxb6 Rxc4+ 27.
bxc4 Rxc4+ 28. Kb3 1-0

[Event "7. Oeffinger Open 2016"]
[Site "Oeffingen"]
[Date "2016.05.14"]
[Round "2.8"]
[White "Boehmler, Thomas"]
[Black "Gheng, Simona"]
[Result "0-1"]
[WhiteElo "1855"]
[BlackElo "2045"]
[PlyCount "126"]
[EventDate "2016.??.??"]

1. d4 d5 2. c4 e6 3. Nf3 Nf6 4. Bg5 Be7 5. Nc3 h6 6. Bh4 O-O 7. e3 b6 8. Rc1
Bb7 9. cxd5 exd5 10. Bd3 c5 11. O-O Nbd7 12. Bb1 Rc8 13. Re1 Ne4 14. Bxe7 Qxe7
15. Nd2 Ndf6 16. f3 Nxc3 17. Rxc3 Rfe8 18. Nb3 c4 19. Nd2 b5 20. Nf1 a5 21. Ng3
g6 22. Rc2 h5 23. Nh1 b4 24. Nf2 Bc6 25. Rc1 Qb7 26. g4 hxg4 27. fxg4 Bd7 28.
g5 Ne4 29. Bxe4 dxe4 30. h4 Qd5 31. Re2 Kg7 32. Qf1 Rh8 33. Nd1 Rxh4 34. Qf6+
Kg8 35. Rh2 Rxh2 36. Kxh2 Qf5 37. Qxf5 Bxf5 38. Kg3 Kg7 39. Kf4 f6 40. Nf2 c3
41. gxf6+ Kxf6 42. Rc2 g5+ 43. Kg3 a4 44. Nd1 Be6 45. bxc3 b3 46. axb3 Bxb3 47.
Rf2+ Ke6 48. Rf1 Bxd1 49. Rxd1 Rxc3 50. Kf2 Rc2+ 51. Kg3 a3 52. Ra1 a2 53. Kg4
Rg2+ 54. Kh3 Rf2 55. Kg4 Kd5 56. Rc1 Rc2 57. Rxc2 a1=Q 58. Rc5+ Kd6 59. Rxg5
Qd1+ 60. Kh4 Qh1+ 61. Kg3 Qf3+ 62. Kh2 Qxe3 63. Rg6+ Kd5 0-1

[Event "7. Oeffinger Open 2016"]
[Site "Oeffingen"]
[Date "2016.05.14"]
[Round "3.1"]
[White "Horvath, Peter"]
[Black "Gentner, Markus"]
[Result "1-0"]
[WhiteElo "2433"]
[BlackElo "2020"]
[PlyCount "87"]
[EventDate "2016.??.??"]

1. d4 Nf6 2. c4 e6 3. Nc3 Bb4 4. Bg5 c5 5. d5 b5 6. Qc2 h6 7. Bxf6 Qxf6 8. e4
Bb7 9. Nf3 d6 10. O-O-O Bxc3 11. Qxc3 Qxc3+ 12. bxc3 exd5 13. cxd5 a6 14. a4
Nd7 15. axb5 O-O 16. b6 f5 17. Nd2 Nxb6 18. f3 Bc8 19. Kc2 Bd7 20. Rb1 Rfb8 21.
Bd3 Ba4+ 22. Kc1 fxe4 23. fxe4 Kf7 24. Rf1+ Ke7 25. Be2 Be8 26. Kc2 Ba4+ 27.
Kc1 Be8 28. Kc2 Ba4+ 29. Kd3 Nd7 30. Ke3 Ne5 31. Rxb8 Rxb8 32. Ra1 Bb5 33. c4
Bd7 34. Rxa6 Rb7 35. h3 Be8 36. Nf3 Rb3+ 37. Kf2 Nd3+ 38. Bxd3 Rxd3 39. e5 dxe5
40. Re6+ Kf8 41. Nxe5 Rd4 42. Ke3 Ba4 43. Ra6 Be8 44. Ra5 1-0

[Event "7. Oeffinger Open 2016"]
[Site "Oeffingen"]
[Date "2016.05.14"]
[Round "3.2"]
[White "Kolb, Roland"]
[Black "Holzhäuer, Mathias"]
[Result "0-1"]
[WhiteElo "1982"]
[BlackElo "2284"]
[PlyCount "84"]
[EventDate "2016.??.??"]

1. c4 e5 2. Nc3 Nf6 3. Nf3 Nc6 4. e4 Bc5 5. Nxe5 Nxe5 6. d4 Bb4 7. dxe5 Nxe4 8.
Qd4 Nxc3 9. bxc3 Be7 10. Qg4 Kf8 11. Qg3 d6 12. Bf4 dxe5 13. Bxe5 Bf6 14. Be2
Bxe5 15. Qxe5 Qe7 16. Qh5 h6 17. O-O g6 18. Qf3 Kg7 19. Bd3 Re8 20. Rab1 Rb8
21. Qf4 b6 22. h4 Qe5 23. Qxe5+ Rxe5 24. Rb5 c5 25. f4 Re3 26. Rd1 Bg4 27. Kf2
Re7 28. Re1 Rxe1 29. Kxe1 Rd8 30. Be2 Re8 31. Rb2 Re4 32. g3 Kf6 33. Kf2 Bxe2
34. Rxe2 Rxe2+ 35. Kxe2 Kf5 36. Kf3 h5 37. Ke3 Kg4 38. Kf2 Kh3 39. Kf3 f5 40.
Kf2 Kh2 41. a3 a6 42. a4 a5 0-1

[Event "7. Oeffinger Open 2016"]
[Site "Oeffingen"]
[Date "2016.05.14"]
[Round "3.3"]
[White "Neyman, Igor"]
[Black "Weida, Alexander"]
[Result "1-0"]
[WhiteElo "2262"]
[BlackElo "1956"]
[PlyCount "43"]
[EventDate "2016.??.??"]

1. d4 Nf6 2. c4 c5 3. d5 b5 4. cxb5 a6 5. bxa6 Bxa6 6. Nc3 d6 7. e4 Bxf1 8.
Kxf1 g6 9. g3 Bg7 10. Kg2 O-O 11. Nf3 Nbd7 12. a4 Ng4 13. Qe2 f5 14. Ng5 Bd4
15. Ne6 Qb6 16. Nxf8 Rxf8 17. a5 Qb3 18. Ra3 Qb4 19. f3 Nf2 20. Rf1 fxe4 21.
Nxe4 Nxe4 22. fxe4 1-0

[Event "7. Oeffinger Open 2016"]
[Site "Oeffingen"]
[Date "2016.05.14"]
[Round "3.4"]
[White "Engbrecht, Helmut"]
[Black "Lelumees, Brait"]
[Result "0-1"]
[WhiteElo "1965"]
[BlackElo "2153"]
[PlyCount "54"]
[EventDate "2016.??.??"]

1. e4 c5 2. Nc3 d6 3. d4 cxd4 4. Qxd4 Nc6 5. Bb5 Bd7 6. Bxc6 bxc6 7. Bg5 h6 8.
Be3 e5 9. Qd2 Nf6 10. f3 Be6 11. g4 d5 12. exd5 cxd5 13. Bf2 Be7 14. h3 O-O 15.
Nge2 Rb8 16. Nd1 d4 17. O-O Nd5 18. c3 Bg5 19. Qd3 Ne3 20. Bxe3 dxe3 21. Qc2
Bc4 22. b3 Bd3 23. Qb2 f5 24. c4 Bxc4 25. Ndc3 Bh4 26. Rad1 Bf2+ 27. Kg2 Qf6
0-1

[Event "7. Oeffinger Open 2016"]
[Site "Oeffingen"]
[Date "2016.05.14"]
[Round "3.5"]
[White "Mück, Heinz-Peter"]
[Black "Heining, Thomas"]
[Result "0-1"]
[WhiteElo "1929"]
[BlackElo "2129"]
[PlyCount "158"]
[EventDate "2016.??.??"]

1. g4 d5 2. Bg2 Nc6 3. g5 e5 4. d3 Bc5 5. a3 Nge7 6. b4 Bb6 7. h4 Be6 8. c3 a6
9. Nd2 Ng6 10. Nb3 Qd6 11. h5 Nge7 12. Bd2 Nf5 13. Qc2 a5 14. b5 Nb8 15. a4 Nd7
16. e3 Qe7 17. e4 dxe4 18. Bxe4 Nd6 19. Bf3 Bf5 20. Be2 e4 21. O-O-O Ne5 22.
Qa2 exd3 23. Bf3 Be6 24. Re1 Nxf3 25. Nxf3 Bxf2 26. Qa3 Bxe1 27. Rxe1 Nc4 28.
Qxe7+ Kxe7 29. Nc5 Nxd2 30. Kxd2 b6 31. Nxe6 fxe6 32. Nd4 Kd7 33. Kxd3 Rae8 34.
Nc6 Rhf8 35. Ke4 Rf2 36. g6 hxg6 37. hxg6 Rh2 38. Rf1 Rh4+ 39. Ke3 Rh3+ 40. Kd2
Rh2+ 41. Kd3 e5 42. Rf7+ Kd6 43. Rxg7 e4+ 44. Ke3 Rh3+ 45. Ke2 e3 46. Rf7 Rh2+
47. Ke1 e2 48. Rf6+ Re6 49. Rxe6+ Kxe6 50. Nd4+ Kf6 51. Nxe2 Kxg6 52. Kd2 Kf5
53. Kd3 Ke5 54. Nd4 Ra2 55. Nc6+ Kd6 56. Kc4 Rxa4+ 57. Kb3 Rg4 58. Nd8 Kc5 59.
Ne6+ Kd6 60. Nd8 Rf4 61. Ka3 Rf8 62. Nc6 Kc5 63. Nd4 Rg8 64. Kb3 Rg4 65. Ne6+
Kxb5 66. Nxc7+ Kc6 67. Ne6 b5 68. Nd8+ Kb6 69. Nf7 a4+ 70. Ka3 Kc5 71. Ne5 Rg7
72. Kb2 Rg2+ 73. Kb1 Kd5 74. Nf3 Kc4 75. Nd4 b4 76. Nf5 Kxc3 77. Ne3 Rg1+ 78.
Nd1+ Rxd1+ 79. Ka2 b3+ 0-1

[Event "7. Oeffinger Open 2016"]
[Site "Oeffingen"]
[Date "2016.05.14"]
[Round "3.6"]
[White "Hottes, Dieter"]
[Black "Siegle, Florian"]
[Result "1-0"]
[WhiteElo "2111"]
[BlackElo "1923"]
[PlyCount "125"]
[EventDate "2016.??.??"]

1. c4 g6 2. Nc3 Bg7 3. g3 c5 4. Bg2 Nc6 5. e3 d6 6. Nge2 Bf5 7. d3 Nf6 8. O-O
O-O 9. h3 Nb4 10. e4 Bd7 11. Be3 Rc8 12. a3 Nc6 13. b4 b6 14. Rb1 Ne8 15. Nd5
e6 16. Ndc3 Kh8 17. Qd2 h5 18. Bg5 f6 19. Be3 Kh7 20. b5 Ne7 21. Nf4 Ng8 22. h4
Qe7 23. a4 Nh6 24. f3 Qf7 25. Nh3 Qe7 26. Rb2 Qd8 27. Ra2 Rc7 28. a5 Rb7 29.
axb6 axb6 30. Nf4 Nc7 31. Nh3 Qe7 32. Nf2 d5 33. exd5 exd5 34. Bf4 d4 35. Nce4
Nf7 36. Re1 Qd8 37. Nd6 Nxd6 38. Bxd6 Rf7 39. f4 Rb8 40. Bxc7 Qxc7 41. Bd5 Rff8
42. Rea1 Bf5 43. Ra7 Qd6 44. Be4 Bd7 45. Bg2 Bf5 46. Bc6 Kh6 47. Re1 g5 48.
hxg5+ fxg5 49. Ne4 Bxe4 50. fxg5+ Kh7 51. Bxe4+ Kg8 52. Kg2 h4 53. gxh4 Rf4 54.
Bd5+ Kh8 55. Re4 Rbf8 56. Qe2 Rf2+ 57. Qxf2 Rxf2+ 58. Kxf2 Qh2+ 59. Ke1 Qg1+
60. Kd2 Qf2+ 61. Re2 Qxh4 62. Re8+ Kh7 63. Be4+ 1-0

[Event "7. Oeffinger Open 2016"]
[Site "Oeffingen"]
[Date "2016.05.14"]
[Round "3.7"]
[White "Süss, Stefan"]
[Black "Gabriel, Josef"]
[Result "1-0"]
[WhiteElo "1921"]
[BlackElo "2073"]
[PlyCount "107"]
[EventDate "2016.??.??"]

1. e4 c6 2. d4 d5 3. e5 Bf5 4. Nf3 e6 5. Be2 h6 6. Nbd2 Nd7 7. c4 dxc4 8. Nxc4
Nb6 9. Ne3 Bh7 10. O-O Ne7 11. Bd3 Bxd3 12. Qxd3 Ned5 13. Nd2 Be7 14. Ne4 O-O
15. Ng4 h5 16. Nh6+ gxh6 17. Bxh6 Kh8 18. Qh3 Rg8 19. Qxh5 Rg6 20. Rae1 Kg8 21.
f4 Qd7 22. f5 exf5 23. Ng3 f4 24. Bxf4 Nxf4 25. Rxf4 Qe6 26. Nf5 Bg5 27. Rf3
Nd5 28. Ref1 Ne7 29. Nd6 f6 30. Nf5 fxe5 31. Nxe7+ Bxe7 32. Rh3 Rh6 33. Qxh6
Qxh6 34. Rxh6 exd4 35. Rg6+ Kh7 36. Rg4 Rf8 37. Rxf8 Bxf8 38. Kf1 c5 39. Ke2 b5
40. Kd3 Bg7 41. b3 Kh6 42. h3 a5 43. a3 a4 44. bxa4 c4+ 45. Kc2 bxa4 46. Re4
Kg6 47. Re7 d3+ 48. Kd2 Bh6+ 49. Kc3 Bc1 50. Re4 d2 51. Kc2 Bxa3 52. Rxc4 Bc1
53. Rxa4 Kf5 54. Rd4 1-0

[Event "7. Oeffinger Open 2016"]
[Site "Oeffingen"]
[Date "2016.05.14"]
[Round "3.8"]
[White "Gheng, Simona"]
[Black "Afonso, Nils"]
[Result "1-0"]
[WhiteElo "2045"]
[BlackElo "1671"]
[PlyCount "89"]
[EventDate "2016.??.??"]

1. e4 e6 2. d4 d5 3. Nd2 Nf6 4. Bd3 c5 5. exd5 Nxd5 6. dxc5 Bxc5 7. Nb3 Bd6 8.
Nf3 Nc6 9. O-O O-O 10. c4 Ndb4 11. Bb1 Ne5 12. c5 Bc7 13. Qe2 Qf6 14. Nbd4
Nxf3+ 15. Nxf3 Bf4 16. Qe4 Qg6 17. Qxf4 Nd5 18. Bxg6 Nxf4 19. Bxh7+ Kxh7 20.
Bxf4 f6 21. Bd6 Rd8 22. Rfd1 e5 23. b4 Bg4 24. h3 Bh5 25. g4 Bg6 26. Nh4 Be4
27. f3 Bc6 28. Kf2 Rd7 29. a4 b6 30. b5 Bxb5 31. axb5 bxc5 32. Bxc5 Rc7 33. Be3
Rc2+ 34. Rd2 Rxd2+ 35. Bxd2 Rd8 36. Be3 Rb8 37. Rxa7 Rxb5 38. Nf5 e4 39. Rxg7+
Kh8 40. Rg6 exf3 41. Rxf6 Rb2+ 42. Kxf3 Rb8 43. Bd4 Rb3+ 44. Kf4 Kh7 45. Rf7+
1-0

[Event "7. Oeffinger Schachopen"]
[Site "Oeffingen"]
[Date "2016.05.15"]
[Round "4.1"]
[White "Heining, Thomas"]
[Black "Horvath, Peter"]
[Result "1/2-1/2"]
[WhiteElo "2129"]
[BlackElo "2433"]
[PlyCount "99"]
[EventDate "2016.??.??"]
[WhiteTeam "SF Oeffingen"]

1. e4 c5 2. Nf3 a6 3. g3 Nc6 4. Bg2 Nf6 5. d4 cxd4 6. Nxd4 e5 7. Nf5 d5 8. exd5
Bxf5 9. dxc6 Qxd1+ 10. Kxd1 O-O-O+ 11. Bd2 bxc6 12. Kc1 e4 13. Nc3 Bc5 14. Be3
Bxe3+ 15. fxe3 Nd5 16. Nxd5 Rxd5 17. Rd1 Rhd8 18. Rxd5 Rxd5 19. c3 Bg4 20. Kc2
f5 21. Bf1 Kb7 22. b4 g5 23. a4 Rd6 24. Kb3 f4 25. gxf4 gxf4 26. exf4 e3 27.
Re1 Rd1 28. Rxe3 Rxf1 29. Re7+ Kb8 30. Rxh7 Be6+ 31. Kb2 Rxf4 32. h4 Rf2+ 33.
Kc1 Rh2 34. h5 Bf5 35. Rh8+ Kc7 36. h6 Bg6 37. Kd1 Kd6 38. Ra8 Bd3 39. Rd8+ Kc7
40. Rxd3 Rxh6 41. Kc2 c5 42. bxc5 Rh5 43. Kb3 Rxc5 44. Kb4 Rh5 45. Rg3 a5+ 46.
Kb3 Kc6 47. Rg6+ Kc7 48. Kc4 Rf5 49. Rg4 Kc6 50. Rg6+ 1/2-1/2

[Event "7. Oeffinger Schachopen"]
[Site "Oeffingen"]
[Date "2016.05.15"]
[Round "4.2"]
[White "Holzhäuer, Mathias"]
[Black "Hottes, Dieter"]
[Result "1-0"]
[WhiteElo "2284"]
[BlackElo "2111"]
[PlyCount "77"]
[EventDate "2016.??.??"]
[WhiteTeam "SK Schmiden/Cannstatt"]
[BlackTeam "Stuttgarter SF"]

1. e4 b6 2. d4 Bb7 3. Bd3 Nf6 4. Qe2 e6 5. Nf3 Be7 6. e5 Nd5 7. a3 c5 8. c4 Nc7
9. dxc5 bxc5 10. Nc3 Nc6 11. Ne4 Na6 12. O-O h6 13. Bd2 Nd4 14. Nxd4 cxd4 15.
b4 Qc7 16. Bf4 f5 17. Nd6+ Bxd6 18. exd6 Qd8 19. Qh5+ Kf8 20. Rfe1 Rc8 21. Be5
Qg5 22. Qxg5 hxg5 23. Bxd4 Rh4 24. Bxa7 Kf7 25. f3 Rch8 26. h3 Bxf3 27. gxf3
Rxh3 28. Kf2 g4 29. Be2 Rh2+ 30. Ke3 R8h3 31. b5 g5 32. bxa6 gxf3 33. Bxf3 g4
34. Rf1 e5 35. Bb6 Ke6 36. a7 f4+ 37. Ke4 Re2+ 38. Bxe2 Re3+ 39. Bxe3 1-0

[Event "7. Oeffinger Schachopen"]
[Site "Oeffingen"]
[Date "2016.05.15"]
[Round "4.3"]
[White "Gheng, Simona"]
[Black "Neyman, Igor"]
[Result "1/2-1/2"]
[WhiteElo "2037"]
[BlackElo "2262"]
[PlyCount "132"]
[EventDate "2016.??.??"]
[WhiteTeam "TSV Schönaich"]
[BlackTeam "Stuttgarter SF"]

1. e4 c5 2. c4 Nc6 3. Nc3 g6 4. d3 Bg7 5. g3 a6 6. Nge2 Rb8 7. a4 e6 8. Bg2
Nge7 9. O-O O-O 10. f4 d6 11. Be3 Nd4 12. Bf2 Nec6 13. Nxd4 cxd4 14. Ne2 e5 15.
Be1 f5 16. b4 Be6 17. b5 Ne7 18. Bb4 Qd7 19. Qc2 Rbc8 20. Qb2 Rf7 21. Qa3 fxe4
22. fxe5 exd3 23. Rxf7 Bxf7 24. Nf4 dxe5 25. Nxd3 Bxc4 26. Bxe7 Bxd3 27. Qxd3
Qxe7 28. bxa6 bxa6 29. Qxa6 Qc5 30. Qd3 Qc3 31. Qxc3 dxc3 32. Be4 Bh6 33. Ra2
Be3+ 34. Kf1 Kf7 35. Ke2 Bd4 36. a5 Ke6 37. a6 Ba7 38. Rc2 Rc4 39. Bd3 Rc7 40.
Be4 Bd4 41. Ra2 Kd7 42. Kd1 Kc8 43. Kc2 Kb8 44. Ra1 Ka7 45. Bd3 Re7 46. Re1 g5
47. g4 h6 48. h3 Rf7 49. Rf1 Rf4 50. Kd1 Kb6 51. Kc2 e4 52. Be2 Rxf1 53. Bxf1
Kc6 54. a7 Bxa7 55. Kxc3 Kd5 56. Bg2 Ke5 57. Kd2 Kf4 58. Ke2 Bc5 59. Bh1 e3 60.
Bg2 Kg3 61. Bf1 Bb6 62. Ke1 Ba5+ 63. Ke2 Bd2 64. Kd1 Kf2 65. Bd3 Kg2 66. Ke2
Bc1 1/2-1/2